Clickable Counties of Wisconsin Quiz Stats

 Plays Quiz not verified by Sporcle

Support Sporcle.
Go Orange.
Score 0/72 Timer 07:00
0 Plays Today
% Correct
Adams
93%
Clark
90.7%
Green
88.4%
Door
88.4%
Columbia
88.4%
Chippewa
88.4%
Calumet
88.4%
Bayfield
88.4%
Barron
88.4%
Rock
86%
Kenosha
86%
Grant
86%
Dodge
86%
Dane
86%
Crawford
86%
Brown
86%
Ashland
86%
Wood
83.7%
Sauk
83.7%
Richland
83.7%
Outagamie
83.7%
Oneida
83.7%
Oconto
83.7%
Milwaukee
83.7%
Lincoln
83.7%
La Crosse
83.7%
Jackson
83.7%
Iron
83.7%
Forest
83.7%
Fond du Lac
83.7%
Dunn
83.7%
Douglas
83.7%
Winnebago
81.4%
Waukesha
81.4%
Washington
81.4%
Taylor
81.4%
% Correct
Rusk
81.4%
Pierce
81.4%
Menominee
81.4%
Marquette
81.4%
Lafayette
81.4%
Jefferson
81.4%
Florence
81.4%
Eau Claire
81.4%
Buffalo
81.4%
Waushara
79.1%
Trempealeau
79.1%
Sheboygan
79.1%
Racine
79.1%
Price
79.1%
Polk
79.1%
Ozaukee
79.1%
Monroe
79.1%
Marathon
79.1%
Kewaunee
79.1%
Juneau
79.1%
Iowa
79.1%
Walworth
76.7%
Vilas
76.7%
Vernon
76.7%
Portage
76.7%
Marinette
76.7%
Manitowoc
76.7%
Burnett
76.7%
St. Croix
74.4%
Pepin
74.4%
Green Lake
74.4%
Waupaca
72.1%
Sawyer
72.1%
Shawano
69.8%
Langlade
69.8%
Washburn
62.8%

You're not logged in!

Compare scores with friends on all Sporcle quizzes.
OR
Log In

From the Vault

1960s Songs Last Word

by Dano

The last words of the 1960s were probably 'Happy New Year!'
Remove Ads.
Support Sporcle.
Get the best of Sporcle when you Go Orange. This ad-free experience offers more features, more stats, and more fun while also helping to support Sporcle. Thank you for becoming a member.

Show Comments

Extras

Top Quizzes Today


Score Distribution

Your Account Isn't Verified!

In order to create a playlist on Sporcle, you need to verify the email address you used during registration. Go to your Sporcle Settings to finish the process.

Report this User

Report this user for behavior that violates our Community Guidelines.

Details: